LEADER 01300nam 2200373 450 001 996273549003316 005 20181108121926.0 010 $a978-88-214-3752-6 100 $a20181108d2015----km y0itay5003 ba 101 0 $aita$ceng 102 $aIT 105 $aa 00 y 200 1 $aAnatomia del Gray$ei fondamenti$fRichard L. Drake, A. Wayne Vogl, Adam W.M. Mitchell$ga cura di Pietro Gobbi...[et al.]$gillustrazioni di Richard Tibbitts e Paul Richardson$gfotografie di Ansell Horn 210 $aMilano$cEdra Lswr$d2015 215 $aXXII, 714 p.$cill.$d28 cm 300 $aTraduzione dalla lingua inglese per conto di Edra Lswr S.p.a. a cura di Teresa Cipriani...[et a.l.] 300 $aDisponibile anche in ebook 454 0$aGray's basic anatomy 606 0 $aAnatomia$2BNCF 676 $a611 700 1$aLEWIS,$bChristina C.$0759861 701 1$aLAZARUS,$bMichelle D.$0759862 701 1$aMITCHELL,$bAdam W. M.$0748582 702 1$aGOBBI,$bPietro 702 1$aTIBBITTS,$bRichard 702 1$aRICHARDSON,$bPaul 801 0$aIT$bcba$gREICAT 912 $a996273549003316 951 $a611 DRA 1 a$b3320 Med.$c611$d00333017 951 $a611 DRA 1$b3326 Med.$c611$d00333016 959 $aBK 969 $aMED 996 $aAnatomia del Gray$91536619 997 $aUNISA LEADER 03920nam 2200757 a 450 001 9910827006803321 005 20240514073914.0 010 $a9786613662293 010 $a9781280685354 010 $a1280685352 010 $a9781118241264 010 $a1118241266 010 $a9781118241042 010 $a1118241045 010 $a9781118241295 010 $a1118241290 035 $a(CKB)2670000000167026 035 $a(EBL)822094 035 $a(SSID)ssj0000636233 035 $a(PQKBManifestationID)11403920 035 $a(PQKBTitleCode)TC0000636233 035 $a(PQKBWorkID)10659983 035 $a(PQKB)10908102 035 $a(Au-PeEL)EBL822094 035 $a(CaPaEBR)ebr10580204 035 $a(CaONFJC)MIL366229 035 $a(OCoLC)784883683 035 $a(CaSebORM)9781118117774 035 $a(MiAaPQ)EBC822094 035 $a(PPN)225792729 035 $a(Perlego)1013041 035 $a(EXLCZ)992670000000167026 100 $a20111031d2012 uy 0 101 0 $aeng 135 $aur|n|---||||| 181 $ctxt 182 $cc 183 $acr 200 00$aHandbook of real-world applications in modeling and simulation /$fedited by John A. Sokolowski, Catherine M. Banks 205 $a1st ed. 210 $aHoboken, N.J. $cWiley$d2012 215 $a1 online resource (351 p.) 225 1 $aWiley handbooks in operations research and management science 300 $aDescription based upon print version of record. 311 08$a9781118117774 311 08$a1118117778 320 $aIncludes bibliographical references and index. 327 $aMachine generated contents note: Contributors: Preface -- Introduction -- Contemplating a National Strategy for Modeling and Simulation / John A. Sokolowski -- Chapter 1. Modeling and Simulation for Research and Analysis / Catherine M. Banks -- Chapter 2. Human Behavior Modeling: A Real-World Application / John A. Sokolowski -- Chapter 3. Transportation / R. Michael Robinson -- Chapter 4. Homeland Security Risk Modeling / Barry C. Ezell -- Chapter 5. Operations Research /Andrew J. Collins and Christine S. M. Currie -- Chapter 6. Business Process Modeling / Rafael Diaz, Joshua G. Behr, and Mandur Tupule -- Chapter 7. Medical M&S: A Review of Mesh Generation for Medical Simulators / Michele A. Audette, Andrey N. Chernikov, and Nikos Chrisochoides -- Chapter 8. Military Interoperability Challenges / Siakou Diallo and Jose Padilla -- Appendices -- PowerPoint Slides -- Index. 330 $a"This handbook provides a thorough explanation of modeling and simulation in the most useful, current, and predominant applied areas, such as transportation, homeland security, medicine, operational research, military science, and business modeling. The authors offer a concise look at the key concepts and techniques of modeling and simulation and then discuss how and why the presented domains have become leading applications. The book begins with an introduction of why modeling and simulation is a reliable analysis assessment tool for complex systems problems and then explains why the selected domains are drawn upon to proffer solutions for these problems"--$cProvided by publisher. 410 0$aWiley handbooks in operations research and management science. 606 $aSystem analysis$xMathematical models$vHandbooks, manuals, etc 606 $aComputer simulation 615 0$aSystem analysis$xMathematical models 615 0$aComputer simulation. 676 $a003 686 $aMAT000000$2bisacsh 700 $aSokolowski$b John A.$f1953-$01630190 701 $aSokolowski$b John A.$f1953-$01630190 701 $aBanks$b Catherine M.$f1960-$01630191 801 0$bMiAaPQ 801 1$bMiAaPQ 801 2$bMiAaPQ 906 $aBOOK 912 $a9910827006803321 996 $aHandbook of real-world applications in modeling and simulation$94053373 997 $aUNINA